000 00503cam a2200181ua 4500
020 _cRs 1.50
041 _amal
_h
082 _a894.812 1
_bSAN/OR
100 _aSankaran Nair, Gowreesapattom .
245 _aOru collegekumarante oru divasathe dairy /
_cGowreesapattom Sankaran Nair.
_hTextual Documents
260 _aKottayam :
_bNational Book Stall ,
_c1964.
300 _a111 ; .
365 _aRs 1.50
504 _a
650 _aPoems - Malayalam
942 _cBK
999 _c600
_d600